• 首页
  • 本馆介绍
  • 公告通知
  • 最新文献
  • 馆藏检索
  • 电子资源
  • 读者荐购
  • 参考咨询
  • CALIS
  • 我的图书馆
  • 登录
  • 详细信息显示
  • 放入我的书架
  • 预约/预借图书
  • 作者相关作品
  • 分类相关作品
  • 丛书相关作品
  • 出版社相关作品

书目信息

  • 表格格式
  • 工作单格式
  • 卡片格式
题名:
30部必读的管理学经典
    
 
作者: 姜英来 编著
分册:  
出版信息: 北京   北京工业大学出版社  2006.01
页数: 235页
开本: 26cm
丛书名: 大师经典
单 册:
中图分类: C93
科图分类:
主题词: 管理学--Guan Li Xue--著作--简介--世界
电子资源:
ISBN: 7-5639-1606-7
 
 
 
 
 
000 00905cam 2200265 450
001 CAL 012006008867
005 20060606095534.34
010    @a7-5639-1606-7@dCNY 26.80
099    @aCAL 012006008867
100    @a20060117d2006 em y0chiy0121 ea
101 0  @achi
102    @aCN@b110000
200 1  @a30部必读的管理学经典@A30 bu bi du de guan li xue jing dian@f姜英来编著
210    @a北京@c北京工业大学出版社@d2006.01
215    @a235页@c图, 肖像@d26cm
225 2  @a大师经典@ADa Shi Jing Dian@i读书计划
330    @a本书内容:科学管理原理、社会组织和经济组织理论、经理人员的职能、工业管理和一般管理、工业文明的社会问题、企业中人的方面等。
410  0 @12001 @a读书计划
410  0 @12001 @a大师经典
606 0  @a管理学@AGuan Li Xue@x著作@x简介@y世界
690    @aC93@v4
701  0 @a姜英来@Ajiang ying lai@4编著
801  0 @aCN@bCHDU@c20060606
905    @dC93@eJ533
906    @dCNY 26.80@n3@r1
    
    30部必读的管理学经典/姜英来编著.-北京:北京工业大学出版社,2006.01
    235页:图, 肖像;26cm.-(大师经典.读书计划)
    
    
    ISBN 7-5639-1606-7:CNY 26.80
    本书内容:科学管理原理、社会组织和经济组织理论、经理人员的职能、工业管理和一般管理、工业文明的社会问题、企业中人的方面等。
●
相关链接 在E读中查询图书 在当当中查询图书 在豆瓣中查询图书


正题名:30部必读的管理学经典     索取号:C93/J533         预约/预借

序号 登录号 条形码 馆藏地/架位号 状态 备注
1 605094   206050949   社科库509/509社科库 63排4列2层/ [索取号:C93/J533] 在馆    
2 605095   206050958   社科库509/509社科库 63排4列2层/ [索取号:C93/J533] 在馆    
3 605096   206050967   社科库509/509社科库 63排4列2层/ [索取号:C93/J533] 在馆    
欢迎您!
大连网信软件有限公司© 版权所有